American lives still at risk : when will FDA's food protection plan be fully funded and implemented? : hearing before the Subcommittee on Oversight and Investigations of the Committee on Energy and Commerce, House of Representatives, One Hundred Tenth Congress, second session, June 12, 2008.

Bibliographic Details
Corporate Author: United States. Congress. House. Committee on Energy and Commerce. Subcommittee on Oversight and Investigations
Format: Government Document eBook
Language:English
Published: Washington : U.S. G.P.O., 2008.
Subjects:
Online Access:https://purl.fdlp.gov/GPO/LPS125062

MARC

Tag First Indicator Second Indicator Subfields
LEADER 00000cam a2200000 a 4500
001 in00002672421
005 20220106091352.0
006 m d f
007 cr bn|||||||||
008 100809s2008 dcua ob f000 0 eng c
035 |a (OCoLC)ocn654104132 
037 |a 552-070-41330-8  |b GPO  |f paper 
040 |a GPO  |c GPO  |d GPO  |d MvI  |d UtOrBLW 
042 |a pcc 
043 |a n-us--- 
049 |a WWW 
050 1 4 |a KF27  |b .E5546 2008j 
074 |a 1019-C-01 (online) 
086 0 |a Y 4.C 73/8:110-126 
088 |a Serial no. 110-126 (United States. Congress. House. Committee on Energy and Commerce) 
110 1 |a United States.  |b Congress.  |b House.  |b Committee on Energy and Commerce.  |b Subcommittee on Oversight and Investigations. 
245 1 0 |a American lives still at risk :  |b when will FDA's food protection plan be fully funded and implemented? : hearing before the Subcommittee on Oversight and Investigations of the Committee on Energy and Commerce, House of Representatives, One Hundred Tenth Congress, second session, June 12, 2008. 
264 1 |a Washington :  |b U.S. G.P.O.,  |c 2008. 
300 |a 1 online resource (iii, 364 pages) :  |b illustrations 
336 |a text  |b txt  |2 rdacontent 
337 |a computer  |b c  |2 rdamedia 
338 |a online resource  |b cr  |2 rdacarrier 
500 |a Title from title screen (viewed on Aug. 9, 2010). 
500 |a Paper version available for sale by the Supt. of Docs., U.S. G.P.O. 
504 |a Includes bibliographical references. 
500 |a "Serial number 110-126." 
500 |a Electronic resource. 
650 0 |a Food adulteration and inspection  |z United States. 
650 0 |a Food  |x Safety measures  |x Government policy  |z United States. 
610 1 0 |a United States.  |b Food and Drug Administration  |x Management. 
776 0 8 |i Print version:  |a United States. Congress. House. Committee on Energy and Commerce. Subcommittee on Oversight and Investigations.  |t American lives still at risk  |h iii, 364 p.  |w (OCoLC)654108954 
776 0 8 |i Microfiche:  |a United States. Congress. House. Committee on Energy and Commerce. Subcommittee on Oversight and Investigations.  |t American lives still at risk  |h iii, 364 p.  |w (OCoLC)680866559 
856 4 0 |u https://purl.fdlp.gov/GPO/LPS125062  |t 0 
999 |a MARS 
999 f f |s 642d8602-805e-3322-bf32-16b558de0f01  |i dadb1345-78e7-33aa-86ea-01a885e04e41  |t 0 
952 f f |a Texas A&M University  |b College Station  |c Electronic Resources  |d Available Online  |t 0  |e Y 4.C 73/8:110-126  |h Superintendent of Documents classification 
998 f f |a Y 4.C 73/8:110-126  |t 0  |l Available Online